[Event "2007. Central Serbia champions"]
[Site "Vrnjacka Banja"]
[Date "2007.12.12"]
[Round "4.1"]
[White "Pikula, Dejan"]
[Black "Todorovic, Goran M"]
[Result "1/2-1/2"]
[WhiteElo "2494"]
[BlackElo "2470"]
[PlyCount "20"]
[EventDate "2007.12.10"]

1. e4 e5 2. Nf3 Nc6 3. Bb5 a6 4. Ba4 Nf6 5. O-O b5 6. Bb3 Be7 7. Re1 d6 8. c3
O-O 9. d4 Bg4 10. d5 Na5 1/2-1/2

[Event "2007. Central Serbia champions"]
[Site "Vrnjacka Banja"]
[Date "2007.12.12"]
[Round "4.2"]
[White "Cabrilo, Goran"]
[Black "Zivkovic, Ivan B"]
[Result "1/2-1/2"]
[WhiteElo "2497"]
[BlackElo "2222"]
[PlyCount "82"]
[EventDate "2007.12.10"]

1. e4 c5 2. Nf3 d6 3. d4 cxd4 4. Nxd4 Nf6 5. Nc3 g6 6. g3 Nc6 7. Nde2 Bg7 8.
Bg2 O-O 9. O-O Rb8 10. a4 a6 11. h3 b5 12. axb5 axb5 13. Be3 b4 14. Nd5 Nd7 15.
Ra2 e6 16. Ndf4 Qc7 17. Qd2 Nc5 18. b3 Bb7 19. Nd3 Nxd3 20. cxd3 Ra8 21. Rc2
Qd7 22. d4 Ba6 23. Rfc1 Rac8 24. Nf4 Nxd4 25. Rxc8 Rxc8 26. Rxc8+ Bxc8 27. Bxd4
e5 28. Bb2 exf4 29. Bxg7 Kxg7 30. Qxb4 fxg3 31. Qd4+ f6 32. fxg3 Qc7 33. b4 Ba6
34. Kh2 g5 35. Qd5 Be2 36. Qa5 Qc4 37. Qa7+ Kg6 38. Qb8 Qd4 39. Qg8+ Kh6 40.
Qf8+ Kg6 41. Qg8+ Kh6 1/2-1/2

[Event "2007. Central Serbia champions"]
[Site "Vrnjacka Banja"]
[Date "2007.12.12"]
[Round "4.3"]
[White "Djosic, Slavoljub"]
[Black "Drazic, Sinisa"]
[Result "0-1"]
[WhiteElo "2280"]
[BlackElo "2493"]
[PlyCount "71"]
[EventDate "2007.12.10"]

1. e4 c5 2. Nf3 d6 3. Be2 Nf6 4. d3 Nc6 5. O-O g6 6. h3 Bg7 7. c4 O-O 8. Nc3
Ne8 9. Rb1 b6 10. Bd2 h6 11. a3 a5 12. Be3 Nd4 13. Bxd4 cxd4 14. Nb5 e5 15. Nd2
h5 16. f4 Bh6 17. f5 Qg5 18. Nf3 Qe3+ 19. Kh1 gxf5 20. Nh4 fxe4 21. Nf5 Bxf5
22. Rxf5 Ng7 23. Rf6 Bg5 24. Rf1 exd3 25. Bxh5 e4 26. Nxd6 Bf4 27. Nf5 Nxf5 28.
Qg4+ Ng7 29. Rxf4 f5 30. Qg5 Rac8 31. Rg1 d2 32. Bg6 Rc6 33. Rxf5 Nxf5 34. Bf7+
Kh8 35. Qxf5 Qh6 36. Qxe4 0-1

[Event "2007. Central Serbia champions"]
[Site "Vrnjacka Banja"]
[Date "2007.12.12"]
[Round "4.4"]
[White "Arsovic, Zoran"]
[Black "Biljanic, Ljubomir"]
[Result "1-0"]
[WhiteElo "2459"]
[BlackElo "2291"]
[PlyCount "97"]
[EventDate "2007.12.10"]

1. Nf3 Nf6 2. c4 g6 3. Nc3 d6 4. d4 Nbd7 5. e4 e5 6. Be2 Bg7 7. O-O O-O 8. Be3
Nh5 9. g3 Re8 10. Qc2 c6 11. Rfd1 Qe7 12. c5 dxc5 13. d5 Nhf6 14. dxc6 bxc6 15.
Na4 Bf8 16. Rac1 Rb8 17. a3 h6 18. Nd2 Qe6 19. f3 h5 20. Bc4 Qe7 21. Bf1 Nh7
22. b3 Ng5 23. Nxc5 Nxc5 24. Bxc5 Qf6 25. Bxf8 Rxf8 26. Qc3 Rd8 27. Be2 h4 28.
f4 Nh3+ 29. Kg2 Rd4 30. Nc4 hxg3 31. hxg3 Be6 32. Rxd4 exd4 33. Qd3 Kg7 34. Bf3
Qxf4 35. Qxd4+ Qf6 36. Qxf6+ Kxf6 37. b4 g5 38. Ne3 g4 39. Nxg4+ Bxg4 40. Bxg4
Ng5 41. Rxc6+ Ke7 42. Ra6 Rb7 43. Bf5 Rc7 44. Kf2 f6 45. b5 Nf7 46. Rc6 Rb7 47.
a4 Ne5 48. Rc3 Kd6 49. Ke3 1-0

Rc3 Kd6 49. Ke3 {...necitko} 1-0

[Event "2007. Central Serbia champions"]
[Site "Vrnjacka Banja"]
[Date "2007.12.12"]
[Round "4.5"]
[White "Tosic, Miroslav"]
[Black "Pantelic, Sasa"]
[Result "1-0"]
[WhiteElo "2422"]
[BlackElo "2237"]
[PlyCount "55"]
[EventDate "2007.12.10"]

1. d4 Nf6 2. Nf3 g6 3. c4 Bg7 4. g3 O-O 5. Bg2 d6 6. Nc3 Nc6 7. O-O a6 8. b3 e5
9. dxe5 dxe5 10. Ba3 Re8 11. Qxd8 Rxd8 12. Rad1 Re8 13. Nd5 Nxd5 14. cxd5 Nd4
15. Nxd4 exd4 16. Bf3 Bh3 17. Rfe1 Bf5 18. Rc1 Rac8 19. Red1 Be4 20. d6 Bxf3
21. d7 Bxe2 22. Rxc7 Rcd8 23. dxe8=Q+ Rxe8 24. Rdc1 Be5 25. Rc8 Rxc8 26. Rxc8+
Kg7 27. Bf8+ Kf6 28. f4 1-0

[Event "2007. Central Serbia champions"]
[Site "Vrnjacka Banja"]
[Date "2007.12.12"]
[Round "4.6"]
[White "Savic, Miodrag R"]
[Black "Chelushkina, Irina"]
[Result "1-0"]
[WhiteElo "2539"]
[BlackElo "2351"]
[PlyCount "163"]
[EventDate "2007.12.10"]

1. e4 c5 2. c3 Nf6 3. e5 Nd5 4. Nf3 e6 5. g3 d6 6. Bg2 Nc6 7. exd6 Bxd6 8. O-O
O-O 9. d4 a5 10. dxc5 Bxc5 11. Nbd2 h6 12. Ne4 Be7 13. Nd4 Qb6 14. Nxc6 Qxc6
15. a4 Qa6 16. Re1 Rd8 17. Qb3 Bd7 18. Nd2 Bc6 19. Nc4 Bc5 20. Ne5 Be8 21. Qc4
Qxc4 22. Nxc4 Rdc8 23. Ne5 Rd8 24. Bf1 Nb6 25. b3 Nd5 26. Bd2 Nf6 27. Rad1 Rd5
28. Nd3 Bb6 29. c4 Rdd8 30. Bf4 g5 31. Bc1 Bc6 32. Ne5 Rxd1 33. Rxd1 Ne4 34.
Nxc6 bxc6 35. Kg2 Nxf2 36. Rd6 Rc8 37. Rd7 Ne4 38. Rb7 Bd4 39. b4 axb4 40. Rxb4
Nc5 41. Bd2 e5 42. g4 e4 43. a5 Re8 44. Be2 Nd3 45. Rb7 Nf4+ 46. Kf1 Bc5 47.
Bb4 Bxb4 48. Rxb4 Ra8 49. Ra4 Ne6 50. Ra3 Nc5 51. Kf2 Kf8 52. Ke3 Ke7 53. Bf1
Kd6 54. Bg2 Ke5 55. h3 Ra7 56. Ra2 h5 57. Rf2 hxg4 58. hxg4 Rxa5 59. Rf5+ Kd6
60. Rf6+ Ne6 61. Rxf7 Ra4 62. Bxe4 Rxc4 63. Bf5 Nf4 64. Rg7 Nh3 65. Rh7 Ra4 66.
Rxh3 Ra3+ 67. Bd3 c5 68. Ke4 c4 69. Bf1 c3 70. Bd3 Ra4+ 71. Kf5 Ra5+ 72. Kf6
Ra2 73. Bf5 Ra3 74. Kxg5 Ke5 75. Rh8 Ra7 76. Re8+ Kd4 77. Rd8+ Ke5 78. Rc8 Kd4
79. Kf4 Ra1 80. Rd8+ Kc4 81. g5 Rf1+ 82. Ke5 1-0

81. g5 Rf1+ 82. Ke5 1-0

[Event "2007. Central Serbia champions"]
[Site "Vrnjacka Banja"]
[Date "2007.12.12"]
[Round "4.7"]
[White "Abramovic, Bosko"]
[Black "Spiric, Igor"]
[Result "1/2-1/2"]
[WhiteElo "2508"]
[BlackElo "2278"]
[PlyCount "94"]
[EventDate "2007.12.10"]

1. c4 e6 2. Nf3 Nf6 3. Nc3 c5 4. g3 b6 5. Bg2 Bb7 6. O-O Be7 7. Re1 O-O 8. e4
d6 9. d4 cxd4 10. Nxd4 Qc7 11. Ndb5 Qc6 12. Bg5 Nbd7 13. Rc1 a6 14. Na3 Qc7 15.
Be3 Rac8 16. f4 Rfd8 17. Qe2 Qb8 18. g4 Qa8 19. Bf2 d5 20. cxd5 exd5 21. e5
Bxa3 22. bxa3 Ne4 23. Nxe4 Rxc1 24. Rxc1 dxe4 25. Re1 Qc8 26. h3 Nc5 27. Rc1
Qd7 28. Be3 Qa4 29. Qb2 Qc6 30. Qb4 a5 31. Qc4 h5 32. f5 Ba6 33. Qc2 Rd3 34.
Qf2 hxg4 35. hxg4 Qd5 36. Qf4 Bb7 37. e6 fxe6 38. f6 gxf6 39. Qxf6 Rd1+ 40. Kh2
Rxc1 41. Bxc1 Nd3 42. Qg6+ Kh8 43. Bg5 Qe5+ 44. Kg1 Qd4+ 45. Kh2 Qe5+ 46. Kg1
Qa1+ 47. Kh2 Qe5+ 1/2-1/2

[Event "2007. Central Serbia champions"]
[Site "Vrnjacka Banja"]
[Date "2007.12.12"]
[Round "4.8"]
[White "Nikolic, Stanimir"]
[Black "Vratonjic, Slobo"]
[Result "1/2-1/2"]
[WhiteElo "2297"]
[BlackElo "2453"]
[PlyCount "120"]
[EventDate "2007.12.10"]

1. d4 Nf6 2. Nf3 c5 3. d5 g6 4. c4 Bg7 5. Nc3 O-O 6. e4 d6 7. h3 e6 8. dxe6
Bxe6 9. Bd3 Nc6 10. O-O h6 11. Re1 Nd7 12. Bf1 Nde5 13. Nxe5 Nxe5 14. Nd5 Nc6
15. Rb1 Nd4 16. Nf4 Kh7 17. b3 a5 18. Bb2 Qg5 19. Bc1 Qh4 20. Be3 Bd7 21. Ne2
Ne6 22. Qxd6 Bc6 23. Qg3 Qxe4 24. Qg4 a4 25. Ng3 Qc2 26. Qe2 axb3 27. axb3 Qxe2
28. Bxe2 f5 29. Nf1 f4 30. Bd2 Be4 31. Rbc1 Nd4 32. Bd1 Bc6 33. b4 cxb4 34.
Bxb4 Rfe8 35. Rxe8 Rxe8 36. Nh2 Ne2+ 37. Bxe2 Rxe2 38. Bc3 Bxc3 39. Rxc3 Re1+
40. Nf1 b5 41. f3 Rb1 42. Kf2 Rb2+ 43. Kg1 Rb1 44. Kf2 bxc4 45. Nd2 Rb2 46. Ke1
Bd5 47. Nxc4 Rxg2 48. Ne5 Kg7 49. Rc5 Be6 50. Nd3 g5 51. h4 Kf6 52. hxg5+ hxg5
53. Nf2 Bf5 54. Rc6+ Ke5 55. Kf1 Rg3 56. Rc5+ Ke6 57. Ke2 Rg1 58. Rc6+ Kd5 59.
Ra6 Bd7 60. Ra5+ Kd4 1/2-1/2

[Event "2007. Central Serbia champions"]
[Site "Vrnjacka Banja"]
[Date "2007.12.12"]
[Round "4.9"]
[White "Radosavljevic, Slobodan D"]
[Black "Bozic, Milan"]
[Result "0-1"]
[WhiteElo "2256"]
[BlackElo "2435"]
[PlyCount "67"]
[EventDate "2007.12.10"]

1. c4 c5 2. g3 Nc6 3. Bg2 Nf6 4. Nf3 e5 5. O-O d5 6. cxd5 Nxd5 7. Nc3 Nc7 8. d3
Be7 9. Nd2 O-O 10. Nc4 f6 11. a4 Nb4 12. a5 Kh8 13. f4 exf4 14. Bxf4 Ncd5 15.
Nxd5 Nxd5 16. Qb3 Nxf4 17. gxf4 Rb8 18. f5 Qc7 19. Qc3 Bd7 20. Qe1 Bb5 21. Qg3
Qd7 22. Kh1 Rfe8 23. b3 Bxc4 24. bxc4 Bd6 25. Qf2 Be5 26. Ra2 Qc7 27. Be4 b6
28. axb6 Qxb6 29. Rg1 a5 30. e3 Re7 31. Bd5 Ra7 32. Qh4 a4 33. Rag2 a3 34. Qh6
0-1

[Event "2007. Central Serbia champions"]
[Site "Vrnjacka Banja"]
[Date "2007.12.12"]
[Round "4.10"]
[White "Savic, Dragan"]
[Black "Kojovic, Dragan"]
[Result "1-0"]
[WhiteElo "2229"]
[BlackElo "2413"]
[PlyCount "113"]
[EventDate "2007.12.10"]

1. e4 c5 2. Nf3 d6 3. Bb5+ Nd7 4. c3 Ngf6 5. Qe2 a6 6. Ba4 b5 7. Bc2 Bb7 8. a4
c4 9. axb5 axb5 10. Rxa8 Qxa8 11. Na3 Bxe4 12. Nxb5 Kd8 13. Bxe4 Qxe4 14. Ng5
Qd5 15. Qf3 Ne5 16. Qxd5 Nxd5 17. d4 cxd3 18. f4 h6 19. fxe5 hxg5 20. exd6 exd6
21. Bxg5+ Kd7 22. O-O f6 23. Bc1 Rh5 24. Nd4 Re5 25. Nf3 Re2 26. Rd1 g5 27. Nd4
Re4 28. Kf2 Nb4 29. Be3 Na6 30. b4 Nc7 31. Rxd3 Re8 32. c4 Ra8 33. Nf5 Ke6 34.
g4 Ra4 35. Rb3 Kd7 36. h3 Ra2+ 37. Kf3 Rc2 38. b5 Rxc4 39. b6 Na6 40. b7 Nb8
41. Ba7 Kc7 42. Nd4 Be7 43. Nb5+ Kxb7 44. Nxd6+ Kxa7 45. Nxc4 Nc6 46. Ke4 Nb4
47. Ne3 Nc6 48. Kd5 Ne5 49. Ke6 Bd8 50. Nd5 Nc6 51. Ra3+ Kb7 52. Nxf6 Nd4+ 53.
Kf7 Kc6 54. Kg6 Kd6 55. Ne4+ Ke5 56. Nxg5 Bb6 57. Nf3+ 1-0

[Event "2007. Central Serbia champions"]
[Site "Vrnjacka Banja"]
[Date "2007.12.12"]
[Round "4.11"]
[White "Kostic, Vladimir G"]
[Black "Milicevic, Miodrag"]
[Result "1-0"]
[WhiteElo "2402"]
[BlackElo "2243"]
[PlyCount "53"]
[EventDate "2007.12.10"]

1. e4 c5 2. Nf3 e6 3. Nc3 a6 4. d4 cxd4 5. Nxd4 b5 6. Be2 Bb7 7. Bf3 Qc7 8. O-O
d6 9. Re1 Nf6 10. a4 b4 11. Na2 e5 12. Nf5 Nc6 13. Bg5 Qd8 14. c3 g6 15. Nh6
bxc3 16. Nxf7 Kxf7 17. Qb3+ Kg7 18. Qxb7+ Ne7 19. Nxc3 Qb8 20. Bxf6+ Kxf6 21.
Nd5+ Nxd5 22. Qxd5 h5 23. Ra3 Qb4 24. Rd1 Be7 25. Bxh5 Raf8 26. Bxg6 Kxg6 27.
Qe6+ 1-0

[Event "2007. Central Serbia champions"]
[Site "Vrnjacka Banja"]
[Date "2007.12.12"]
[Round "4.13"]
[White "Sredojevic, Ivan"]
[Black "Ilic, Slobodan S"]
[Result "0-1"]
[WhiteElo "2357"]
[BlackElo "2166"]
[PlyCount "90"]
[EventDate "2007.12.10"]

1. e4 c5 2. Nf3 e6 3. d4 cxd4 4. Nxd4 Nf6 5. Nc3 d6 6. Be3 Nc6 7. Be2 Be7 8.
O-O O-O 9. f4 Bd7 10. Qe1 Nxd4 11. Bxd4 Bc6 12. Qg3 g6 13. Bf3 Qc7 14. Rae1 b5
15. Kh1 b4 16. e5 dxe5 17. fxe5 Nd7 18. Bxc6 Qxc6 19. Ne4 Kg7 20. Nf6 Rad8 21.
Qh4 Bxf6 22. exf6+ Kh8 23. Rf3 g5 24. Qxg5 Rg8 25. Qe3 Qxc2 26. Rf2 Qg6 27.
Bxa7 Rc8 28. Qd2 Rc7 29. Be3 Rb7 30. Bh6 Nxf6 31. Qd4 Qxh6 32. Rxf6 Qg7 33. Qf2
Rd8 34. Rf3 Rbd7 35. Rg3 Qd4 36. Qe2 Rg8 37. Rxg8+ Kxg8 38. h3 Ra7 39. Rd1 Qf4
40. g3 Qf5 41. Rd8+ Kg7 42. Qe3 Rxa2 43. g4 Qf1+ 44. Kh2 Rxb2+ 45. Kg3 Qg2+ 0-1

[Event "2007. Central Serbia champions"]
[Site "Vrnjacka Banja"]
[Date "2007.12.12"]
[Round "4.14"]
[White "Dorontic, Zoran"]
[Black "Misailovic, Nebojsa"]
[Result "0-1"]
[WhiteElo "2167"]
[BlackElo "2318"]
[PlyCount "99"]
[EventDate "2007.12.10"]

1. e4 c5 2. Nf3 d6 3. d4 cxd4 4. Nxd4 Nf6 5. Nc3 a6 6. f4 e5 7. Nb3 Be7 8. Be2
O-O 9. Be3 exf4 10. Bxf4 Nc6 11. h3 Be6 12. O-O d5 13. exd5 Nxd5 14. Nxd5 Bxd5
15. Kh1 Be4 16. Qxd8 Raxd8 17. c3 a5 18. Nd2 Bd3 19. Bxd3 Rxd3 20. Rf3 Rfd8 21.
Rxd3 Rxd3 22. Nf3 f6 23. Re1 g5 24. Bc1 a4 25. a3 Kf7 26. Kg1 h5 27. Kf1 g4 28.
hxg4 hxg4 29. Nh4 Rd5 30. g3 Bd6 31. Kg2 Ne5 32. Nf5 Nd3 33. Rd1 Bc5 34. Nd4
Nxc1 35. Rxc1 Bxd4 36. cxd4 Rb5 37. Rc2 Ke6 38. Rf2 Rb3 39. Rd2 Kd5 40. Kf2 b5
41. Kg2 Rf3 42. Kh2 Re3 43. Kg2 Re4 44. Kf2 Rxd4 45. Rc2 Rd3 46. Kg2 f5 47. Rf2
Ke5 48. Kh2 Rf3 49. Rxf3 gxf3 50. Kg1 0-1

[Event "2007. Central Serbia champions"]
[Site "Vrnjacka Banja"]
[Date "2007.12.12"]
[Round "4.15"]
[White "Marcetic, Predrag"]
[Black "Antic, Dragan"]
[Result "0-1"]
[WhiteElo "2219"]
[BlackElo "2158"]
[PlyCount "140"]
[EventDate "2007.12.10"]

1. e4 c5 2. Nf3 Nc6 3. d4 cxd4 4. Nxd4 g6 5. Be3 Nf6 6. Nc3 Bg7 7. f3 O-O 8.
Qd2 d6 9. O-O-O Nxd4 10. Bxd4 Be6 11. g4 Qa5 12. Kb1 Rfc8 13. Bxf6 Bxf6 14. Nd5
Qc5 15. Nxf6+ exf6 16. h4 d5 17. h5 dxe4 18. hxg6 fxg6 19. fxe4 Bxg4 20. Rc1
Bf3 21. Bg2 Bxg2 22. Qxg2 Qe5 23. Rh6 Rc7 24. Rch1 g5 25. Rf1 Rd8 26. Qf2 Rd6
27. Qxa7 Kg7 28. Rfh1 Qxe4 29. R6h2 Rcd7 30. a3 Rd2 31. Rxh7+ Qxh7 32. Rxh7+
Kxh7 33. Qe3 Kg7 34. Qe6 R2d6 35. Qf5 Re7 36. Qc5 Rde6 37. a4 Re5 38. Qc8 f5
39. b4 g4 40. Qc4 Re4 41. Qc3+ Kg6 42. a5 R7e5 43. Qc8 Rxb4+ 44. Kc1 Rbb5 45.
Qg8+ Kh5 46. Qh7+ Kg5 47. Qg7+ Kh4 48. Qh6+ Kg3 49. Qh1 Rxa5 50. Qg1+ Kf4 51.
Qf2+ Kg5 52. Qd2+ Kg6 53. Qd6+ Kh5 54. Qf6 Rab5 55. Qh8+ Kg5 56. Qd8+ Kf4 57.
Qd2+ Kg3 58. Qd3+ Kh4 59. Qd8+ Kh3 60. Qh8+ Kg2 61. c4 Rbc5 62. Kd2 f4 63. Qg7
g3 64. Qxb7+ f3 65. Kd3 Re2 66. Kd4 Rce5 67. c5 R5e4+ 68. Kc3 f2 69. Qf7 f1=Q
70. Qf3+ Qxf3# 0-1

[Event "2007. Central Serbia champions"]
[Site "Vrnjacka Banja"]
[Date "2007.12.12"]
[Round "4.16"]
[White "Dodic, Dragan"]
[Black "Boskovic, Zlatomir"]
[Result "0-1"]
[WhiteElo "2162"]
[BlackElo "2207"]
[PlyCount "120"]
[EventDate "2007.12.10"]

1. d4 Nf6 2. c4 e5 3. e3 exd4 4. exd4 d5 5. Nc3 dxc4 6. Bxc4 Bd6 7. Nf3 O-O 8.
O-O h6 9. h3 Nc6 10. a3 Bf5 11. b4 Qd7 12. Re1 Rae8 13. Be3 Ne4 14. Nxe4 Bxe4
15. Bd3 Qf5 16. Bxe4 Rxe4 17. Qd3 Qd5 18. Nd2 Re6 19. Qb3 Ne7 20. Qxd5 Nxd5 21.
Nc4 Rfe8 22. Kf1 c6 23. Bd2 Rxe1+ 24. Rxe1 Rxe1+ 25. Kxe1 Bc7 26. Ke2 Kf8 27.
Kd3 Ke7 28. Ke4 Ke6 29. g4 h5 30. f3 g6 31. g5 f5+ 32. gxf6 Nxf6+ 33. Kd3 Nd5
34. Ke4 b5 35. Nb2 Nf6+ 36. Kd3 Kf5 37. Ke2 Nd5 38. Nd3 Bf4 39. Be1 Bd6 40. Bd2
Nb6 41. Bc1 Nc4 42. Kd1 a5 43. bxa5 Nxa5 44. Kc2 Nc4 45. Kb3 Nb6 46. Nb4 c5 47.
dxc5 Bxc5 48. Nd3 Bd6 49. Bd2 g5 50. Bb4 Bh2 51. Bc5 Nd5 52. Bd4 Bd6 53. Bc5
Bc7 54. Kc2 Nf4 55. Nxf4 Kxf4 56. Be7 Be5 57. Kb3 Kxf3 58. Bxg5 Bd6 59. Bf6 Kg3
60. h4 Kg4 0-1

[Event "2007. Central Serbia champions"]
[Site "Vrnjacka Banja"]
[Date "2007.12.12"]
[Round "4.17"]
[White "Radovanovic, Slavko"]
[Black "Draskovic, Dragan"]
[Result "1-0"]
[WhiteElo "2200"]
[BlackElo "2154"]
[PlyCount "103"]
[EventDate "2007.12.10"]

1. e4 e6 2. d4 d5 3. e5 c5 4. c3 Nc6 5. Nf3 Qb6 6. Bd3 Bd7 7. dxc5 Bxc5 8. O-O
a5 9. Qe2 f5 10. exf6 Nxf6 11. Nbd2 O-O 12. Nb3 Bd6 13. Be3 Qc7 14. c4 Rae8 15.
Rfc1 Bf4 16. Bxf4 Qxf4 17. Qd2 Qd6 18. cxd5 exd5 19. h3 b6 20. a3 a4 21. Nbd4
Nxd4 22. Nxd4 Ne4 23. Bxe4 dxe4 24. Qe3 Qg6 25. Rc7 Rf7 26. Rf1 Ref8 27. Rc2 h6
28. Rc3 Rf3 29. Nxf3 exf3 30. g3 Bxh3 31. Qd4 Bg2 32. Rfc1 Kh7 33. Rc6 Qh5 34.
Qh4 Qd5 35. Qg4 Rd8 36. Qg6+ Kh8 37. Rc8 Bh3 38. Rxd8+ Qxd8 39. Re1 Bd7 40. Qd3
Qc7 41. Rd1 Be6 42. Qd8+ Qxd8 43. Rxd8+ Kh7 44. Rd6 Bb3 45. Rxb6 Bd1 46. g4 g6
47. Kh2 Kg7 48. Kg3 Kf7 49. Kf4 Kg7 50. Rd6 Be2 51. Rd4 g5+ 52. Kg3 1-0

[Event "2007. Central Serbia champions"]
[Site "Vrnjacka Banja"]
[Date "2007.12.12"]
[Round "4.18"]
[White "Arsovic, Goran"]
[Black "Manojlovic, Selimir"]
[Result "1-0"]
[WhiteElo "2478"]
[BlackElo "2110"]
[PlyCount "77"]
[EventDate "2007.12.10"]

1. d4 Nf6 2. Nf3 b6 3. c4 e6 4. a3 d5 5. cxd5 exd5 6. Bg5 Be7 7. Qa4+ Bd7 8.
Qc2 O-O 9. Nc3 Be6 10. e3 c5 11. Bd3 h6 12. Bf4 Nc6 13. h3 a6 14. dxc5 bxc5 15.
O-O c4 16. Be2 Qb6 17. Rfd1 Rfd8 18. Rd2 Ra7 19. Rad1 Rb7 20. Bf1 Qb3 21. Qc1
Rbd7 22. Ne5 Nxe5 23. Bxe5 Ne8 24. e4 Bf6 25. exd5 Bxe5 26. dxe6 Rxd2 27. Rxd2
Rxd2 28. exf7+ Kxf7 29. Qxd2 Nf6 30. Qe2 Qb6 31. Qxc4+ Ke7 32. b4 Qa7 33. Na4
Bd4 34. Nc5 Bxc5 35. bxc5 Nd7 36. c6 Nb6 37. Qc5+ Ke6 38. Bc4+ Kf6 39. Qd6+ 1-0

[Event "2007. Central Serbia champions"]
[Site "Vrnjacka Banja"]
[Date "2007.12.12"]
[Round "4.19"]
[White "Tasic, Zoran"]
[Black "Maksimovic, Branimir"]
[Result "0-1"]
[WhiteElo "2178"]
[BlackElo "2367"]
[PlyCount "99"]
[EventDate "2007.12.10"]

1. d4 Nf6 2. c4 e6 3. Nf3 b6 4. a3 Bb7 5. Nc3 d5 6. cxd5 Nxd5 7. e3 g6 8. Bd2
Bg7 9. Bb5+ c6 10. Bd3 O-O 11. Qe2 c5 12. Nxd5 exd5 13. O-O Nc6 14. Bc3 Re8 15.
Bb5 a6 16. Bxc6 Bxc6 17. Qd2 c4 18. Qc2 Bd7 19. b3 Bf5 20. Qb2 b5 21. Bb4 Be4
22. Nd2 Bd3 23. Rfe1 a5 24. Bc5 Qc7 25. b4 Ra6 26. Qc3 Rea8 27. f3 f5 28. Rac1
axb4 29. Bxb4 Qb7 30. Nb3 Rxa3 31. Bxa3 Rxa3 32. Nc5 Rxc3 33. Nxb7 Rxc1 34.
Rxc1 f4 35. Kf2 b4 36. Nc5 Bf5 37. Ra1 h5 38. Ra8+ Kh7 39. Rb8 b3 40. g3 fxe3+
41. Kxe3 Bh6+ 42. f4 Bg7 43. Na4 Bh3 44. Nc3 Bg2 45. h3 Bf6 46. Rb5 Kg8 47. h4
Kf8 48. Ne2 Be7 49. f5 g5 50. Nc3 0-1

[Event "2007. Central Serbia champions"]
[Site "Vrnjacka Banja"]
[Date "2007.12.12"]
[Round "4.20"]
[White "Benderac, Ana"]
[Black "Jokic, Miodrag"]
[Result "1-0"]
[WhiteElo "2328"]
[BlackElo "2174"]
[PlyCount "92"]
[EventDate "2007.12.10"]

1. d4 d5 2. Nf3 Nf6 3. Bg5 e6 4. Nbd2 Be7 5. e3 O-O 6. Bd3 c5 7. c3 h6 8. Bh4
Nc6 9. O-O Nd7 10. Bxe7 Qxe7 11. e4 cxd4 12. exd5 exd5 13. cxd4 Nf6 14. Re1 Qd6
15. h3 Bd7 16. Nb3 Rae8 17. Rc1 b6 18. a3 Ne4 19. Ne5 Nxe5 20. dxe5 Rxe5 21.
Bxe4 Rfe8 22. Nd2 dxe4 23. Nc4 Qxd1 24. Rexd1 Ba4 25. Nxe5 Bxd1 26. Nxf7 Kxf7
27. Rxd1 Re7 28. Rc1 Kf6 29. Kf1 Ke5 30. Ke2 Kd4 31. Rc8 Rf7 32. Rc3 b5 33. Rb3
a6 34. Rb4+ Kd5 35. Ke3 Rc7 36. Rd4+ Kc5 37. b4+ Kc6 38. Rxe4 Rd7 39. Re6+ Kb7
40. Rg6 Re7+ 41. Kd4 Rd7+ 42. Ke5 Re7+ 43. Re6 Rf7 44. f4 Rc7 45. f5 Rc3 46.
Re7+ Kc6 1-0

[Event "2007. Central Serbia champions"]
[Site "Vrnjacka Banja"]
[Date "2007.12.12"]
[Round "4.21"]
[White "Pantovic, Dragan M"]
[Black "Stojanovic, Zlatko"]
[Result "0-1"]
[WhiteElo "2137"]
[BlackElo "2245"]
[PlyCount "96"]
[EventDate "2007.12.10"]

1. d4 Nf6 2. Nf3 c5 3. d5 b5 4. Bg5 d6 5. Bxf6 exf6 6. e4 a6 7. a4 b4 8. c3 a5
9. Bb5+ Bd7 10. Bxd7+ Nxd7 11. cxb4 axb4 12. Nbd2 Be7 13. O-O O-O 14. Nc4 Re8
15. a5 Ra6 16. Qd3 Qa8 17. Nfd2 Qb7 18. f4 Bf8 19. Rae1 Ra7 20. Nf3 Qb5 21. Qb3
Qa6 22. Qc2 Qb7 23. b3 f5 24. e5 g6 25. Qd2 Raa8 26. e6 Nf6 27. Ng5 fxe6 28.
Nxe6 Qxd5 29. Qxd5 Nxd5 30. Nxf8 Rxe1 31. Rxe1 Kxf8 32. Rd1 Nxf4 33. Rxd6 Ne2+
34. Kf2 Nd4 35. Rd7 Nxb3 36. Rxh7 Kg8 37. Rc7 Nxa5 38. Nb6 Ra6 39. Nd5 Nb3 40.
Ke3 Rd6 41. Ne7+ Kf8 42. Nc8 Ra6 43. Kd3 Ra2 44. Nb6 Nd2 45. Rxc5 b3 46. Rc8+
Kg7 47. Nd5 b2 48. Rc7+ Kh6 0-1

[Event "2007. Central Serbia champions"]
[Site "Vrnjacka Banja"]
[Date "2007.12.12"]
[Round "4.22"]
[White "Colovic, Zoran"]
[Black "Filipovic, Tomislav"]
[Result "1-0"]
[WhiteElo "2234"]
[BlackElo "2010"]
[PlyCount "30"]
[EventDate "2007.12.10"]

1. e4 c5 2. c3 d5 3. exd5 Qxd5 4. d4 Nc6 5. Be3 cxd4 6. cxd4 e5 7. Nf3 exd4 8.
Nxd4 Nxd4 9. Bxd4 Bd7 10. Nc3 Qe6+ 11. Be2 Nf6 12. O-O Be7 13. Bf3 Kf8 14. Re1
Qd6 15. Bxf6 gxf6 1-0

[Event "2007. Central Serbia champions"]
[Site "Vrnjacka Banja"]
[Date "2007.12.12"]
[Round "4.27"]
[White "Karaklajic, Milutin"]
[Black "Gagic, Miroljub"]
[Result "1-0"]
[WhiteElo "2099"]
[BlackElo "1930"]
[PlyCount "73"]
[EventDate "2007.12.10"]

1. e4 e6 2. d4 d5 3. exd5 exd5 4. c4 Nf6 5. Nc3 Be6 6. Qb3 Nc6 7. Nf3 Rb8 8.
Be3 Be7 9. cxd5 Nxd5 10. Bc4 Nxe3 11. fxe3 Bxc4 12. Qxc4 O-O 13. O-O Qd7 14.
Rad1 Bf6 15. e4 g6 16. e5 Bg7 17. Ne4 Rbd8 18. Qc1 f6 19. Nc5 Qd5 20. Nxb7 Rb8
21. Nc5 Rb4 22. a3 Rc4 23. Qd2 Nxd4 24. Nxd4 Qxc5 25. b4 Qd5 26. Qa2 fxe5 27.
Nf5 Qe6 28. Rc1 Rc6 29. Qxe6+ Rxe6 30. Nxg7 Kxg7 31. Rxc7+ Kg8 32. Rxf8+ Kxf8
33. Rxa7 Rf6 34. Rxh7 e4 35. Rh3 Re6 36. Kf2 Ra6 37. b5 1-0

[Event "2007. Central Serbia champions"]
[Site "Vrnjacka Banja"]
[Date "2007.12.12"]
[Round "4.28"]
[White "Simic, Vladica"]
[Black "Boskovic, Maksimilijan"]
[Result "1/2-1/2"]
[WhiteElo "2082"]
[BlackElo "1850"]
[PlyCount "94"]
[EventDate "2007.12.10"]

1. b4 c6 2. Bb2 Qb6 3. Na3 d5 4. Rb1 Nf6 5. b5 Qa5 6. e3 e6 7. Qc1 Be7 8. Nf3
O-O 9. Be2 Nbd7 10. Nd4 c5 11. Nb3 Qc7 12. c4 b6 13. O-O Bb7 14. d3 Bd6 15. h3
Rac8 16. Nd2 h6 17. Nc2 Rfd8 18. Ne1 Nh7 19. Nef3 Nhf8 20. Qc3 Nf6 21. a4 Ng6
22. a5 e5 23. Qc2 d4 24. e4 Nf4 25. Rfe1 Qd7 26. a6 Ba8 27. Bf1 Rf8 28. Kh2 Nh7
29. Nh4 Ng5 30. Qd1 g6 31. g4 Kh7 32. Bc1 Rce8 33. Nb3 Nge6 34. Bxf4 Nxf4 35.
Nc1 Qe7 36. Ng2 f6 37. Nxf4 exf4 38. f3 g5 39. Nb3 Bc7 40. Bg2 Kg7 41. Rh1 Rh8
42. Kg1 Rh7 43. h4 Reh8 44. h5 Rb8 45. Kf2 Rhh8 46. Ra1 Rhc8 47. Bh3 Qd6
1/2-1/2